Normal view
MARC view
- Mandela N
Entry Personal Name
001 - CONTROL NUMBER
- control field: 110953
003 - CONTROL NUMBER IDENTIFIER
- control field: OSt
005 - DATE AND TIME OF LATEST TRANSACTION
- control field: 20230125043900.0
008 - FIXED-LENGTH DATA ELEMENTS
- fixed length control field: 230125|| aca||aabn | a|a d
040 ## - CATALOGING SOURCE
- Original cataloging agency: OSt
- Transcribing agency: OSt
100 ## - HEADING--PERSONAL NAME
- Personal name: Mandela N
670 ## - SOURCE DATA FOUND
- Source citation: Work cat.: (OSt)87828: Mandela N, Long walk to freedom : Autobiograbhy of Nelson Mandela, 1995